Terytoria zależne które nie posiadają stałej populacji. - Statystyki

Ogólne statystyki
  • Ten quiz został rozwiązany 4 razy
  • Średni wynik to 9 z 21
Statystyki odpowiedzi
Kontynent / Ocean Odpowiedź % Poprawnych
Antarktyda Brytyjskie Terytorium Antarktyczne
75%
Ocean Atlantycki Wyspa Bouveta
75%
Ocean Spokojny Wyspy Morza Koralowego
75%
Antarktyda Australijskie Terytorium Antarktyczne
50%
Ocean Spokojny Baker
50%
Antarktyda Francuskie Terytoria Południowe i Antarktyczne
50%
Ocean Arktyczny Jan Mayen
50%
Ocean Spokojny Jarvis
50%
Ocean Spokojny Midway
50%
Ocean Spokojny Wake
50%
Ocean Spokojny Wyspa Clippertona
50%
Antarktyda Wyspa Piotra I
50%
Ocean Indyjski Wyspy Ashmore i Cartiera
50%
Ocean Indyjski Wyspy Heard i McDonalda
50%
Ocean Atlantycki Georgia Południowa i Sandwich Południowy
25%
Ocean Spokojny Howland
25%
Ocean Spokojny Johnston
25%
Ocean Spokojny Kingman
25%
Ocean Spokojny Palmyra
25%
Antarktyda Ziemia Królowej Maud
25%
Antarktyda Dependencja Rossa
0%
Nie znaleziono quizów pasujących do podanych kryteriów
Rozkład punktacji
Procent ludzi z każdym wynikiem
Percentyl według liczby udzielonych odpowiedzi
Twoja historia wyników
Nie rozwiązałeś tego quizu